000 00694nam a2200181Ia 4500
008 090630s9999 xx 000 0 und d
082 _b10111
100 _aपंढरीपांडे विजय.
245 _aटोकियो टॉवरवरुन.
_cपंढरीपांडे विजय.
260 _bमधुर पब्लिश - पुणे.
_c1988
300 _a116
600 _aपंढरीपांडे विजय.
630 _aटोकियो टॉवरवरुन.
655 _aकादंबरी.
700 _aपंढरीपांडे विजय.
730 _aटोकियो टॉवरवरुन.
942 _cBOOK
999 _c261967
_d261967